| 000 | 01298nam a2200301 c 4500 | ||
|---|---|---|---|
| 003 | BLK | ||
| 005 | 20230506024440.0 | ||
| 008 | 180410b bul|||||r ||||||| ||bul|| | ||
| 010 | _aKNG00170472000 | ||
| 020 |
_a954-8004-08-9 _bиздат.: Абагар-МК'90 |
||
| 040 | _aBLK | ||
| 041 |
_aBUL _cBUL |
||
| 080 |
_aАнглийска литература _b821.111 _x-31 _z821.111-31 |
||
| 100 | 1 |
_aРид, Томас Майн _d1818-1883 _eпърви автор _9365222 |
|
| 139 |
_aРид, Томас Майн _bР 59 |
||
| 245 | 1 | 0 |
_aЕсперанса _bРоман за юноши _cТомас Майн Рид. |
| 257 | _aGBR | ||
| 260 |
_аСофия _bАбагар-МК'90 _c1991 _fВраца : Полипринт |
||
| 300 |
_a112 с. _c20 см |
||
| 380 | _aX | ||
| 490 | 1 |
_aБиблиотека Цвят за юноши _v№ 23 |
|
| 500 | _aПрев. от рус. изд. 1. изд. 1921 със загл. Есперанса. Приключения на преселници в Южна Америка, с прев. Ел. и Ст. Попови на изд. Цвят в Библ. Цвят за юноши ; N 23 | ||
| 852 | _aЦб 166825 | ||
| 856 | 4 |
_qpdf _u |
|
| 856 | 4 |
_qpdf _u |
|
| 942 |
_cKNG _n0 |
||
| 944 |
_aCR _c29.01.2015 _kСимона_Петрова |
||
| 944 |
_aED _c06.10.2017 _kВиолета_Тройчева |
||
| 999 |
_c163082 _d163082 |
||